000 00489nam a2200181Ia 4500
005 20250508160803.0
008 008 250505s9999 xx 000 0 hin d
037 _aTextual
040 _aFEDL
_beng
_cFEDL
041 _ahin
_2hin
084 _a491.432, BAH
_qFEDL
100 _aBahri Hardev
245 0 _aVyavaharik hindi vyakaran
260 _aAllahabad
_bLok Bharti Prakashan
_c1972
300 _a200p.
942 _cTEXL
_h491.432, BAH
999 _c1366629
_d1366629